| 000 | 01317nam a2200289 a 4500 | ||
|---|---|---|---|
| 999 |
_c431621 _d431621 |
||
| 003 | BLK | ||
| 005 | 20250802113629.0 | ||
| 008 | 210913b bu |||||r|||| 00| | bu d | ||
| 020 | _a9786191516568 | ||
| 040 | _aBLK | ||
| 041 |
_aBUL _cBUL |
||
| 080 |
_aБългарска литература в основното училище. Методика на обучението _b373.3.016:821.163.2 _x(082) _z373.3.016:821.163.2(082) |
||
| 139 |
_aХристоматия по литература за 5 клас _bХ 83 |
||
| 245 |
_aХристоматия по литература за 5 клас _cсъстав. Кристина Димитрова |
||
| 260 |
_9209582 _aСофия _bСофтПрес _c2021 _n978-619-151- ; 978-954-685- _f(София : Фоли Арт) |
||
| 300 |
_a88 с. _c20 см |
||
| 380 | _aDN | ||
| 650 | 0 |
_9272019 _aБългарска литература - христоматии - учебници за основни училища |
|
| 653 | 7 |
_9189964 _aлитература |
|
| 653 | 7 |
_9180168 _aV кл. |
|
| 653 | 7 |
_9200246 _aхристоматии |
|
| 700 |
_91478 _aДимитрова, Кристина _eсъстав. |
||
| 852 |
_bД _c373.3.016:821/Х 83 |
||
| 856 |
_i0.00 _ldisable |
||
| 942 |
_cKNG _n0 _s1 _0340 |
||
| 944 |
_aCR _c2021-09-13 _k30543 _lИва Цветкова |
||